| 000 | 00777nas a2200265 4500 | ||
|---|---|---|---|
| 001 | BR7904184 | ||
| 003 | BR-BrBNA | ||
| 005 | 20231205083818.0 | ||
| 007 | ta | ||
| 008 | 230509b bl.|||p| |||| 00| 00por d | ||
| 040 |
_aBR-BrBNA _bpor _cBiblioteca Nacional de Agricultura |
||
| 041 | _a(Pt) | ||
| 072 | _aP12; F24 | ||
| 100 | 1 | _aPiedade, G.C.R. | |
| 100 | 1 | _aCarvalho, W.A. | |
| 100 | 1 | _aFranca, G.V. | |
| 245 | 1 | _aFotopedologia das caracteristicas quantitativas do padrao de drenagem de solos | |
| 650 | _aDRENAGEM | ||
| 650 | _aRECONHECIMENTO DO SOLO | ||
| 650 | _aFOTOINTERPRETACAO | ||
| 650 | _aSOLO | ||
| 773 | 0 |
_tCientifica (Brazil) _xISSN 0100-0039 _g(1979), v. 7(1) p. 23-28 _wBR7904184 |
|
| 909 |
_a202311 _bLúcia _c55 _dLúcia Elande |
||
| 942 |
_2AGRIS _n0 _cANA |
||
| 999 |
_c101344 _d101344 |
||